000 00648nam a2200277Ia 4500
005 20260324142139.0
008 008 260324s9999 xx 000 0 eng d
020 _a9780203434550
037 _aEBOOK
040 _aCRL
040 _beng
040 _cCRL
041 _2eng
041 _aeng
084 _qCRL
100 _aJohn R. Beech; Leonora Harding
_91210863
245 0 _aAssessment in Neuropsychology
260 _bTaylor and Francis
260 _c1995
365 _a
365 _b150
856 _uhttp://www.taylorfrancis.com/books/9780203434550
942 _cEBOOK
999 _c1814719
_d1814719